=LDR 00000nam 2200000 4500 =001 INLIS000000000033182 =005 20130612135142 =008 ***********************************ind** =035 ##$$a0010-061300000033182 =041 ##$$a ind =082 ##$$a F Rom D =090 ##$$a F Rom D, Mcc p =100 ##$$a MC Caughrean, Geraldine =245 ##$$a Peter pan berjubah merah, Geraldine MC Caughrean; Penerjemah, Ferry Halim =260 ##$$a 2007 $b Jakarta =300 ##$$a 370 hlm, 20 cm =650 ##$$a Fiksi - Terjemahan =700 ##$$a Halim, Ferry =850 ##$$a NBPNMAT =990 ##$$a 0001/BPAP-NTB/20142014